Early Results from Gravitational Wave Searches and Electromagnetic Counterparts (Record no. 22047)

MARC details
000 -LEADER
fixed length control field 00978nam a2200205Ia 4500
003 - CONTROL NUMBER IDENTIFIER
control field IN-BaIIA
008 - FIXED-LENGTH DATA ELEMENTS--GENERAL INFORMATION
fixed length control field 211028s9999 xx s 000 0 eng d
020 ## - INTERNATIONAL STANDARD BOOK NUMBER
International Standard Book Number 978-1-107-19259-1 (Print)
022 ## - INTERNATIONAL STANDARD SERIAL NUMBER
International Standard Serial Number 1743-9213 (Print)
022 ## - INTERNATIONAL STANDARD SERIAL NUMBER
International Standard Serial Number 1743-9221 (Online)
040 ## - CATALOGING SOURCE
Transcribing agency IIA Library
100 ## - MAIN ENTRY--PERSONAL NAME
Personal name Gonzalez, G., ed.
9 (RLIN) 40731
245 #0 - TITLE STATEMENT
Title Early Results from Gravitational Wave Searches and Electromagnetic Counterparts
Medium [eBook]
260 ## - PUBLICATION, DISTRIBUTION, ETC.
Place of publication, distribution, etc. Cambridge
Name of publisher, distributor, etc. Cambridge University Press
Date of publication, distribution, etc. 2017
300 ## - PHYSICAL DESCRIPTION
Extent Online resource
490 ## - SERIES STATEMENT
Series statement IAU Symposium; no. 338
700 ## - ADDED ENTRY--PERSONAL NAME
Personal name Hynes, Robert, ed.
9 (RLIN) 40732
856 ## - ELECTRONIC LOCATION AND ACCESS
Uniform Resource Identifier <a href="https://www.cambridge.org/core/journals/proceedings-of-the-international-astronomical-union/issue/gravitational-wave-astrophysics-early-results-from-gravitational-wave-searches-and-electromagnetic-counterparts/1F039DD2202C2DB96A5E23490609C95A">https://www.cambridge.org/core/journals/proceedings-of-the-international-astronomical-union/issue/gravitational-wave-astrophysics-early-results-from-gravitational-wave-searches-and-electromagnetic-counterparts/1F039DD2202C2DB96A5E23490609C95A</a>
Link text Click Here to Access eBook
942 ## - ADDED ENTRY ELEMENTS (KOHA)
Koha item type eBooks
Holdings
Withdrawn status Lost status Damaged status Not for loan Home library Current library Date acquired Source of acquisition Total Checkouts Barcode Date last seen Uniform Resource Identifier Price effective from Koha item type
        IIA Library-Bangalore IIA Library-Bangalore 01/04/2014 CUP   EB1507 05/11/2021 https://www.cambridge.org/core/journals/proceedings-of-the-international-astronomical-union/issue/gravitational-wave-astrophysics-early-results-from-gravitational-wave-searches-and-electromagnetic-counterparts/1F039DD2202C2DB96A5E23490609C95A 05/11/2021 eBooks

Powered by Koha